000 01029naa a2200265 4500
005 20110810145620.0
008 110810t xxu||||| |||| 00| 0 eng d
010 _aENG-103369
020 _c850.00
_a9788179103159
035 _aEN-86902
037 _bDBAD/PUB
040 _aDPL
_bEng
082 _a658
100 _932587
_aKaushik, Rajesh
245 1 _aBusiness and management /
_cby Rajesh Kaushik, Upendra Kaushik [and] Sakshi Arora
260 _aJaipur
_bAavishkar Publishers
_c2010
270 _a807,Vyas Building,Chaura Rasta, J
_bJaipur (RAJ)
_e302003
_k0141-2578159
300 _aix,277p.
_c22cm (Hb)
500 _aIncludes bibliographical references
700 _933086
_aKaushik,Upendra
700 _aArora,Sakshi
_933256
942 _adpl
_cEN
_2ddc
_mKAU
_h658
999 _c55744
_d55744